00314nam a2200121Ia 4500008004100000082001700041100002400058245004000082250000800122260004600130300000800176650000800184191201s2009 xx 000 0 und d a658.804bCHI aCHERUNILAM, Francis 0aIndustrial Marketing Text and Cases aRep aN.DelhibHimalaya Publication Housec2009 a378 aMBA